000
00199 a2200097 4500
001
7817
100
_a
Mather, B
245
_a
The pass beyond Kashmir
260
_a
_b
Collins
_c
090
_c
6266
_d
6266
942
_a
NUST-CAE
_c
M
_c
32785
999
_c
242890
_d
242890